THE SIMPLIFICATION OF ARABIC GRAMMAR AND THE PROBLEMATIC NATURE OF THE SOURCES

YASIR SULEIMAN; THE SIMPLIFICATION OF ARABIC GRAMMAR AND THE PROBLEMATIC NATURE OF THE SOURCES*, Journal of Semitic Studies, Volume XLI, Issue 1, 1 March 1996,

Saved in:  
Bibliographic Details
Main Author: Suleiman, Yasir (Author)
Format: Electronic Article
Language:English
Check availability: HBZ Gateway
Interlibrary Loan:Interlibrary Loan for the Fachinformationsdienste (Specialized Information Services in Germany)
Published: 1996
In: Journal of Semitic studies
Year: 1996, Volume: 41, Issue: 1, Pages: 99-119
Online Access: Volltext (lizenzpflichtig)
Volltext (lizenzpflichtig)
Parallel Edition:Non-electronic

MARC

LEADER 00000caa a22000002c 4500
001 1783863927
003 DE-627
005 20250324041037.0
007 cr uuu---uuuuu
008 211229s1996 xx |||||o 00| ||eng c
024 7 |a 10.1093/jss/XLI.1.99  |2 doi 
035 |a (DE-627)1783863927 
035 |a (DE-599)KXP1783863927 
040 |a DE-627  |b ger  |c DE-627  |e rda 
041 |a eng 
084 |a 1  |2 ssgn 
100 1 |8 1\p  |e VerfasserIn  |0 (DE-588)1055662189  |0 (DE-627)793716594  |0 (DE-576)411327321  |4 aut  |a Suleiman, Yasir 
109 |a Suleiman, Yasir  |a Sulaimān-Maʿālī, Yāsir  |a Sulaimān, Yāsir  |a Suleiman-Malley, Yasir  |a Sulaymān, Yāsir  |a Sulaymān-Maʻālī, Yāsir 
245 1 0 |a THE SIMPLIFICATION OF ARABIC GRAMMAR AND THE PROBLEMATIC NATURE OF THE SOURCES 
264 1 |c 1996 
336 |a Text  |b txt  |2 rdacontent 
337 |a Computermedien  |b c  |2 rdamedia 
338 |a Online-Ressource  |b cr  |2 rdacarrier 
520 |a YASIR SULEIMAN; THE SIMPLIFICATION OF ARABIC GRAMMAR AND THE PROBLEMATIC NATURE OF THE SOURCES*, Journal of Semitic Studies, Volume XLI, Issue 1, 1 March 1996, 
773 0 8 |i Enthalten in  |t Journal of Semitic studies  |d Oxford : Oxford University Press, 1956  |g XLI (1996), 1, Seite 99-119  |h Online-Ressource  |w (DE-627)341339423  |w (DE-600)2066649-4  |w (DE-576)100202497  |x 1477-8556  |7 nnas 
773 1 8 |g volume:41  |g year:1996  |g number:1  |g pages:99-119 
776 |i Erscheint auch als  |n Druckausgabe  |w (DE-627)1650146698  |k Non-Electronic 
856 4 0 |u https://doi.org/10.1093/jss/XLI.1.99  |x Resolving-System  |z lizenzpflichtig  |3 Volltext  |7 1 
856 4 0 |u https://academic.oup.com/jss/article/XLI/1/99/1665930  |x Verlag  |z lizenzpflichtig  |3 Volltext  |7 1 
883 |8 1\p  |a cgwrk  |d 20250301  |q DE-101  |u https://d-nb.info/provenance/plan#cgwrk 
935 |a mteo 
951 |a AR 
BIB |a 1 
ELC |a 1 
ITA |a 1  |t 1 
LOK |0 000 xxxxxcx a22 zn 4500 
LOK |0 001 4027552407 
LOK |0 003 DE-627 
LOK |0 004 1783863927 
LOK |0 005 20211229044457 
LOK |0 008 211229||||||||||||||||ger||||||| 
LOK |0 035   |a (DE-Tue135)IxTheo#2021-12-14#2267E51CC70023B0AFA68AD94F0F1C52C33B3D17 
LOK |0 040   |a DE-Tue135  |c DE-627  |d DE-Tue135 
LOK |0 092   |o n 
LOK |0 852   |a DE-Tue135 
LOK |0 852 1  |9 00 
LOK |0 935   |a ixzs  |a ixrk  |a zota 
LOK |0 939   |a 29-12-21  |b l01 
ORI |a SA-MARC-ixtheoa001.raw 
SUB |a BIB